000 01123naa a22003137a 4500
001 BR9302041
003 BR-BrBNA
005 20240918181046.0
007 ta
008 230509b bl.||||| |||| 00| 0 por d
040 _aBR-BrBNA
_bpor
_cBiblioteca Nacional de Agricultura
072 _aP06
_b1235
090 _aP06 BR9302041
100 1 _aXavier, J.A.
100 1 _aValarelli, I. de D.
100 1 _aPizza, P.L.B. de T.
100 1 _aAlmeida Neto, J. de T.R. e
111 1 _a22. Congresso Brasileiro de Engenharia Agricola
_cIlheus, BA (Brazil)
_d19-23 Jul 1993
245 1 _aPoder calorifico da casca (concha)da noz macadamia
260 3 _aIlheus, BA (Brasil):
_c1993.
500 _a22. Congresso Brasileiro de Engenharia Agricola. Anais Ilheus, BA (Brasil): 1993. v. 2 p. 1071-1079 (BR9302041-AM)P06
650 _aMacadamia
650 _aRecurso Energetico
650 _aCasca
650 _aCalorimetria
773 0 _t22. Congresso Brasileiro de Engenharia Agricola. Anais
_wP06 BR9302041
_gIlheus, BA (Brasil), 1993. v. 2 p. 1071-1079
909 _a202404
_bLucia
_c55
_dLucia Elande
942 _cAM
_2AGRIS
999 _c323413
_d323413